00393nam a2200157Ia 4500008004100000020001800041041000800059082001600067100001400083245003300097260003400130300000900164500001700173650002600190700001900216220803s9999 xx 000 0 und d a81-87853-07-7 aeng a722 NAR/VAI aNarayan R aHeritage Buildings Of Bombay aMumbaibEnglish Editionc2002 a200p aArchitecture aArchitectural History aVaidyanathan S